000 00637nam a2200205 i 4500
001 73878
003 ES-MaACL
005 20250808020125.0
007 t|
008 040913s1944 sp ||||1| spa d
100 1 _aGomis, Juan Bautista.
_958210
245 1 0 _aHispanidad de Saavedra Fejardo (1584-1648) /
_cJuan Bautista Gomis.
260 _aMadrid :
_b[s.n.,
_c1944]
300 _a12 h. ;
_c24 cm.
490 1 _aVerdad y vida
500 _aEs Separata de: Revista de las Ciencias del Espíritu, nº 7, 1944.
830 0 0 _aVerdad y vida
_9182871
852 _aES-MaACL
_j1915-F-19
_bR.30042
999 _c73878
_d73878